Statistics for English Football Clubs - A to Z (1 Minute Sprint)

Click here to take the quiz!

General Stats

  • This quiz has been taken 316 times
  • The average score is 14 of 20

Answer Stats

LetterTeam% Correct
AArsenal
99%
CChelsea
96%
BBurnley
92%
LLiverpool
90%
MManchester United
89%
EEverton
83%
NNewcastle
71%
FFulham
69%
HHull City
65%
SSouthampton
65%
WWest Ham United
65%
DDerby
64%
QQueens Park Rangers
64%
IIpswich
58%
PPreston
57%
TTottenham Hotspur
57%
OOxford United
51%
GGillingham
48%
RReading
44%
YYeovil
38%

Score Distribution

Percentile by Number Answered

Percent of People with Each Score

Your Score History

You have not taken this quiz